LEADER 02380nam 2200601Ia 450 001 9910144276903321 005 20170815152927.0 010 $a1-282-30192-6 010 $a9786612301926 010 $a0-470-18718-2 010 $a0-470-18870-7 035 $a(CKB)1000000000376574 035 $a(EBL)469499 035 $a(OCoLC)746576971 035 $a(SSID)ssj0000365924 035 $a(PQKBManifestationID)11923613 035 $a(PQKBTitleCode)TC0000365924 035 $a(PQKBWorkID)10413898 035 $a(PQKB)10165131 035 $a(MiAaPQ)EBC469499 035 $a(EXLCZ)991000000000376574 100 $a19820312d1983 uy 0 101 0 $aeng 135 $aur|n|---||||| 181 $ctxt 182 $cc 183 $acr 200 00$aSmall ring heterocycles$hPart 1$iAziridines, azirines, thiiranes, thiirenes$b[electronic resource] /$fedited by Alfred Hassner 210 $aNew York $cJohn Wiley and Sons$d1983 215 $a1 online resource (707 p.) 225 1 $aThe Chemistry of heterocyclic compounds,$x0069-3154 ;$vv. 42 300 $aDescription based upon print version of record. 311 $a0-471-05626-X 320 $aIncludes bibliographies and indexes. 327 $aSMALL RING HETEROCYCLES; Contents; 1. AZIRIDINES; 2. AZIRINES; 3. THREE-MEMBERED RINGS CONTAINING SULFUR; Author Index; Subject Index 330 $aChemistry of Heterocyclic Compounds publishes articles, letters to the Editor, reviews, and minireviews on the synthesis, structure, reactivity, and biological activity of heterocyclic compounds including natural products. The journal covers investigations in heterocyclic chemistry taking place in scientific centers of all over the world, including extensively the scientific institutions in Russia, Ukraine, Latvia, Lithuania and Belarus. 410 0$aChemistry of heterocyclic compounds ;$vv. 42. 606 $aHeterocyclic compounds 606 $aRing formation (Chemistry) 608 $aElectronic books. 615 0$aHeterocyclic compounds. 615 0$aRing formation (Chemistry) 676 $a547.59 676 $a547/.59 676 $a547/.59/05 701 $aHassner$b Alfred$f1930-$092785 801 0$bMiAaPQ 801 1$bMiAaPQ 801 2$bMiAaPQ 906 $aBOOK 912 $a9910144276903321 996 $aSmall ring heterocycles$92139767 997 $aUNINA LEADER 01766nam 2200445 450 001 9910822223803321 005 20240215181909.0 010 $a1-80043-880-X 035 $a(CKB)4100000011787830 035 $a(MiAaPQ)EBC6503991 035 $a(Au-PeEL)EBL6503991 035 $a(OCoLC)1240582349 035 $a(EXLCZ)994100000011787830 100 $a20210904d2021 uy 0 101 0 $aeng 135 $aurcnu|||||||| 181 $ctxt$2rdacontent 182 $cc$2rdamedia 183 $acr$2rdacarrier 200 10$aMachine learning and artificial intelligence in marketing and sales $eessential reference for practitioners and data scientists /$fNiladri Syam, Rajeeve Kaul 210 1$aBingley, England :$cEmerald Publishing Limited,$d[2021] 210 4$dİ2021 215 $a1 online resource (225 pages) $cillustrations 311 $a1-80043-881-8 320 $aIncludes bibliographical references and index. 330 $aMachine Learning and Artificial Intelligence in Marketing and Sales explores the ideas, and the statistical and mathematical concepts, behind Artificial Intelligence (AI) and machine learning models, as applied to marketing and sales, without getting lost in the details of mathematical derivations and computer programming. 606 $aMarketing$xData processing 606 $aSelling$xData processing 615 0$aMarketing$xData processing. 615 0$aSelling$xData processing. 676 $a658.80028563 700 $aSyam$b Niladri$01722515 702 $aKaul$b Rajeeve 801 0$bMiAaPQ 801 1$bMiAaPQ 801 2$bMiAaPQ 906 $aBOOK 912 $a9910822223803321 996 $aMachine learning and artificial intelligence in marketing and sales$94122944 997 $aUNINA